Skip to main content
Your cart is empty.
Your lists
Log in to create your own lists
Your cookies
العربية
English
العربية
Home
Search
Advanced search
Authority search
About
The noble scholar, jurist, historian
His Excellency Dr. Abdul Wahhab bin Ibrahim Abu Sulaiman, may Allah have mercy on him.
He was born in Umm Al-Qura in the year 1356 AH.
Library catalog
Title
Author
Subject
ISBN
ISSN
Series
Call number
Log in to your account
×
Login:
Password:
Home
MARC view: إمبراطورية البرنو الإسلامية /
Normal view
MARC view
ISBD view
إمبراطورية البرنو الإسلامية / (Record no. 11984)
[
view plain
]
MARC details
000 -LEADER
fixed length control field
01443cam a2200325 i 4500
003 - CONTROL NUMBER IDENTIFIER
control field
SA-RiAUC
005 - DATE AND TIME OF LATEST TRANSACTION
control field
20250922071028.0
008 - FIXED-LENGTH DATA ELEMENTS--GENERAL INFORMATION
fixed length control field
250919s1975 ua bo g b f000 0 ara c
040 ## - CATALOGING SOURCE
Original cataloging agency
SA-MuMU
Language of cataloging
ara
Transcribing agency
SA-RiAUC
Description conventions
rda
043 ## - GEOGRAPHIC AREA CODE
Geographic area code
f-nr---
082 04 - DEWEY DECIMAL CLASSIFICATION NUMBER
Classification number
966.9
Assigning agency
SA-RiAUC
090 ## - LOCALLY ASSIGNED LC-TYPE CALL NUMBER (OCLC); LOCAL CALL NUMBER (RLIN)
Classification number (OCLC) (R) ; Classification number, CALL (RLIN) (NR)
966.9
Local cutter number (OCLC) ; Book number/undivided call number, CALL (RLIN)
ط ر خ
100 1# - MAIN ENTRY--PERSONAL NAME
Personal name
طرخان، إبراهيم علي
Relator term
مؤلف.
245 10 - TITLE STATEMENT
Title
إمبراطورية البرنو الإسلامية /
Statement of responsibility, etc.
تأليف إبراهيم علي طرخان.
264 #1 - PRODUCTION, PUBLICATION, DISTRIBUTION, MANUFACTURE, AND COPYRIGHT NOTICE
Place of production, publication, distribution, manufacture
القاهرة :
Name of producer, publisher, distributor, manufacturer
الهيئة المصرية العامة للكتاب،
Date of production, publication, distribution, manufacture, or copyright notice
1975.
300 ## - PHYSICAL DESCRIPTION
Extent
243 صفحة :
Other physical details
خرائط، صور ؛
Dimensions
24 سم.
336 ## - CONTENT TYPE
Content type term
نص
Content type code
txt
Source
rdacontent
Materials specified
كتاب
337 ## - MEDIA TYPE
Media type term
بدون وسيط
Media type code
n
Source
rdamedia
338 ## - CARRIER TYPE
Carrier type term
مجلد
Carrier type code
nc
Source
rdacarrier
490 1# - SERIES STATEMENT
Series statement
المكتبة العربية ؛
Volume/sequential designation
166
500 ## - GENERAL NOTE
General note
في رأس صفحة العنوان : الدول الإسلامية القومية في السودان الأوسط.
504 ## - BIBLIOGRAPHY, ETC. NOTE
Bibliography, etc. note
ببليوجرافية : صفحة 217-233.
525 ## - SUPPLEMENT NOTE
Supplement note
ملاحق : صفحة 179-216.
651 #7 - SUBJECT ADDED ENTRY--GEOGRAPHIC NAME
Geographic name
إمبراطورية كانم-برنو
Source of heading or term
aucsh
651 #7 - SUBJECT ADDED ENTRY--GEOGRAPHIC NAME
Geographic name
ولاية بورنو (نيجيريا)
General subdivision
تاريخ
Source of heading or term
aucsh
651 #7 - SUBJECT ADDED ENTRY--GEOGRAPHIC NAME
Geographic name
غرب إفريقيا
General subdivision
تاريخ
Source of heading or term
aucsh
830 #2 - SERIES ADDED ENTRY--UNIFORM TITLE
Uniform title
المكتبة العربية (الهيئة المصرية العامة للكتاب)
Volume/sequential designation
166
942 ## - ADDED ENTRY ELEMENTS (KOHA)
Source of classification or shelving scheme
Dewey Decimal Classification
Koha item type
Books
Suppress in OPAC
No
949 ## - LOCAL PROCESSING INFORMATION (OCLC)
a
SA-JeALM
d
250919
u
mohamedma123
n
1
Holdings
Withdrawn status
Lost status
Source of classification or shelving scheme
Damaged status
Not for loan
Home library
Current library
Date acquired
Total checkouts
Full call number
Barcode
Date last seen
Price effective from
Koha item type
Dewey Decimal Classification
DR AbdElwahab Library
DR AbdElwahab Library
09/22/2025
966.9 ط ر خ
000019296
09/22/2025
09/22/2025
Books
Place hold
Print
Add to your cart
(remove)
Save record
BIBTEX
Dublin Core
MARCXML
MARC (non-Unicode/MARC-8)
MARC (Unicode/UTF-8)
MARC (Unicode/UTF-8, Standard)
MODS (XML)
RIS
ISBD
More searches
Search for this title in:
Other Libraries (WorldCat)
Other Databases (Google Scholar)
Online Stores (Bookfinder.com)
Open Library (openlibrary.org)
Exporting to Dublin Core...
×
Simple DC-RDF
OAI-DC
SRW-DC